| 000 | 00722nam a2200229Ia 4500 | ||
|---|---|---|---|
| 003 | GCL | ||
| 008 | 140319s9999 xx 000 0 ara d | ||
| 040 |
_aGCL / _cGCL |
||
| 082 | 0 | 4 |
_a382.0931 _bف ط |
| 100 | 1 | _aاحمد محمود ابو النجا | |
| 245 | 1 | 0 |
_aطريق الحرير / _cاحمد محمود ابو النجا |
| 700 | 1 | _aفرنك، ايرين | |
| 700 | 1 | _aبراونستون، ديفيد | |
| 300 | _a375 ص | ||
| 490 |
_aالمشروع القومى للترجمة _v0 |
||
| 650 | 0 | 4 | _aالتجارة |
| 650 | 0 | 4 | _aالتجارة الخارجية |
| 650 | 0 | 4 | _aالتبادل التجارى |
| 650 | 0 | 4 | _aالطرق التجارية |
| 650 | 0 | 4 | _aالطرق البرية |
| 942 |
_2ddc _cBK |
||
| 999 |
_c52158 _d52158 |
||